[Event "Reykjavik Kvika op"]
[Site "Reykjavik"]
[Date "2022.04.10"]
[Round "7"]
[White "Arvidsson, Jonas"]
[Black "Cherniack, Alex"]
[Result "0-1"]
[WhiteElo "1942"]
[BlackElo "2213"]
[PlyCount "84"]
[EventDate "2022.04.06"]
[EventType "swiss"]
[EventRounds "9"]
[EventCountry "ISL"]
[SourceTitle "CBM 207 Extra"]
[Source "ChessBase"]
[SourceDate "2022.05.31"]
[SourceVersion "1"]
[SourceVersionDate "2022.05.31"]
[SourceQuality "1"]

1. e4 e5 2. Nf3 Nc6 3. d4 exd4 4. Nxd4 Bc5 5. Nxc6 Qf6 6. Qf3 Qxf3 7. gxf3 bxc6 8. Be3 Bxe3 9. fxe3 d6 10. Nd2 Ne7 11. h4 0-0 12. Bh3 f5 13. Kf2 Rb8 14. b3 Rb4 15. c3 Rb8 16. h5 h6 17. Rag1 c5 18. Rg2 a5 19. exf5 Bxf5 20. Bxf5 Rxf5 21. Rhg1 Rf7 22. e4 a4 23. Ke3 axb3 24. axb3 Ra8 25. Nc4 Nc6 26. f4 Rb8 27. Rb2 Re8 28. Kf3 Ne5+ 29. Nxe5 Rxe5 30. Rh1 d5 31. Re2 c6 32. exd5 Rxe2 33. Kxe2 cxd5 34. Kf3 Rb7 35. b4 cxb4 36. Rb1 b3 37. Ke3 b2 38. Kd3 Kf7 39. Kc2 Kf6 40. Rxb2 Rxb2+ 41. Kxb2 g6 42. hxg6 h5 0-1

[Event "Douglas IoM op-B"]
[Site "Douglas"]
[Date "2018.10.25"]
[Round "4"]
[White "Briem, Stephan"]
[Black "Arvidsson, Jonas"]
[Result "1-0"]
[WhiteElo "2038"]
[BlackElo "1919"]
[PlyCount "139"]
[EventDate "2018.10.22"]
[EventType "swiss"]
[EventRounds "7"]
[EventCountry "IOM"]
[SourceTitle "CBM 187 Extra"]
[Source "ChessBase"]
[SourceDate "2018.11.04"]
[SourceVersion "1"]
[SourceVersionDate "2018.11.04"]
[SourceQuality "1"]

1. d4 Nf6 2. c4 c5 3. d5 b5 4. cxb5 a6 5. Nc3 axb5 6. e4 d6 7. Bf4 g6 8. Bxb5+ Bd7 9. a4 Bg7 10. Qc2 Na6 11. Nf3 Nb4 12. Qe2 0-0 13. 0-0 Ne8 14. h3 Nc7 15. Bc4 Bc8 16. Rfd1 Ba6 17. e5 Bxc4 18. Qxc4 Rb8 19. Rd2 Ne8 20. Nb5 Rc8 21. Re1 dxe5 22. Bxe5 Bxe5 23. Nxe5 Nd6 24. Nxd6 exd6 25. Ng4 h5 26. Ne3 Qf6 27. Qc3 Kg7 28. Nc4 Rfd8 29. Re7 Ra8 30. a5 Ra6 31. g4 hxg4 32. hxg4 Na2 33. Qxf6+ Kxf6 34. Rb7 Nb4 35. Kg2 g5 36. Kg3 Kg6 37. Rb6 Kf6 38. f4 gxf4+ 39. Kxf4 Kg6 40. Ne5+ Kg7 41. Nc6 Rda8 42. Nxb4 cxb4 43. Rd4 Rxa5 44. Rxd6 Rb8 45. Rc6 Rd8 46. d6 Kf6 47. g5+ Ke6 48. Rc7 Rd7 49. Rxd7 Kxd7 50. b3 Rc5 51. Rxb4 Kxd6 52. Rb6+ Kd7 53. b4 Rd5 54. b5 Rd1 55. Rf6 Ke7 56. Ke5 Rb1 57. b6 Rb5+ 58. Kf4 Rb4+ 59. Kf5 Rb5+ 60. Kg4 Rb4+ 61. Kh5 Rb1 62. Kh6 Rb5 63. Rc6 Kd7 64. Rc7+ Ke6 65. b7 Rb1 66. Kg7 Rb5 67. Kf8 f5 68. g6 f4 69. g7 Rf5+ 70. Ke8 1-0

[Event "Reykjavik op"]
[Site "Reykjavik"]
[Date "2018.03.11"]
[Round "6"]
[White "Arvidsson, Jonas"]
[Black "Bisby, Daniel L"]
[Result "0-1"]
[WhiteElo "1913"]
[BlackElo "2339"]
[PlyCount "50"]
[EventDate "2018.03.06"]
[EventType "swiss"]
[EventRounds "9"]
[EventCountry "ISL"]
[SourceTitle "CBM 183 Extra"]
[Source "ChessBase"]
[SourceDate "2018.04.19"]
[SourceVersion "1"]
[SourceVersionDate "2018.04.19"]
[SourceQuality "1"]

1. e4 c5 2. Nf3 d6 3. d4 cxd4 4. Nxd4 Nf6 5. Nc3 g6 6. Be3 a6 7. f3 b5 8. Qd2 Bb7 9. 0-0-0 Nbd7 10. Nb3 Rc8 11. Be2 h5 12. h3 h4 13. Bg5 Bg7 14. Qe1 Rh5 15. f4 Rxg5 16. fxg5 Nxe4 17. Nxe4 Bxe4 18. Bd3 Bxd3 19. Rxd3 Ne5 20. Rd4 Nc4 21. Qxh4 Qc7 22. Qf2 Bxd4 23. Nxd4 Qc5 24. Rf1 Qxg5+ 25. Kb1 Nd2+ 0-1

[Event "Reykjavik op"]
[Site "Reykjavik"]
[Date "2014.03.12"]
[Round "10"]
[White "Arvidsson, Jonas"]
[Black "Van Weersel, Arlette"]
[Result "0-1"]
[WhiteElo "1992"]
[BlackElo "2176"]
[PlyCount "74"]
[EventDate "2014.03.04"]
[EventType "swiss"]
[EventRounds "10"]
[EventCountry "ISL"]
[SourceTitle "CBM 159 Extra"]
[Source "ChessBase"]
[SourceDate "2014.04.24"]
[SourceVersion "1"]
[SourceVersionDate "2014.04.24"]
[SourceQuality "1"]

1. e4 d5 2. exd5 Qxd5 3. Nc3 Qd8 4. d4 Nf6 5. Bf4 c6 6. Bc4 Bg4 7. Nf3 e6 8. a3 Nbd7 9. h3 Bxf3 10. Qxf3 Nb6 11. Bb3 Bd6 12. Bg5 Be7 13. 0-0-0 Nfd5 14. Bxe7 Qxe7 15. Nxd5 cxd5 16. Rhe1 0-0 17. Kb1 Qc7 18. Re3 a5 19. Qg4 a4 20. Ba2 Nd7 21. h4 Nf6 22. Qe2 Rfc8 23. f3 Qg3 24. Rh1 Rc6 25. Rh3 Qf4 26. h5 Qxd4 27. g4 Rac8 28. c3 Qf4 29. Rh1 h6 30. Rd1 b5 31. Ka1 Rb6 32. Rd4 Qg3 33. Bb1 Rc4 34. Rxc4 dxc4 35. Re5 Nd7 36. Rd5 exd5 37. Qe8+ Nf8 0-1

[Event "Reykjavik op"]
[Site "Reykjavik"]
[Date "2014.03.10"]
[Round "8"]
[White "Arvidsson, Jonas"]
[Black "Holm, Fridgeir K"]
[Result "1-0"]
[WhiteElo "1992"]
[BlackElo "1729"]
[PlyCount "103"]
[EventDate "2014.03.04"]
[EventType "swiss"]
[EventRounds "10"]
[EventCountry "ISL"]
[SourceTitle "CBM 159 Extra"]
[Source "ChessBase"]
[SourceDate "2014.04.24"]
[SourceVersion "1"]
[SourceVersionDate "2014.04.24"]
[SourceQuality "1"]

1. e4 e5 2. Nf3 Nc6 3. d4 exd4 4. Nxd4 Bc5 5. Nxc6 Qf6 6. Qf3 Qxc6 7. Nc3 Nf6 8. Bg5 Bd4 9. Bd2 0-0 10. Bd3 d6 11. Qg3 Ng4 12. Rf1 a6 13. h3 Ne5 14. Nd5 Ng6 15. c3 Ba7 16. h4 Be6 17. h5 Bxd5 18. exd5 Rae8+ 19. Kd1 Qxd5 20. hxg6 fxg6 21. Kc2 b5 22. Qh4 Qxg2 23. Rh1 h6 24. Rh2 Bxf2 25. Rxg2 Bxh4 26. Bxg6 Re7 27. Rh1 Rf2 28. Rxf2 Bxf2 29. Rh2 Bg3 30. Rg2 Be5 31. Bd3 Kf8 32. a4 c6 33. axb5 axb5 34. Rg1 Ra7 35. Rf1+ Rf7 36. Rxf7+ Kxf7 37. Be4 d5 38. Bf5 Ke7 39. Be3 Kd6 40. b4 g5 41. Bg4 Bf6 42. Kd3 Bg7 43. Bd4 Be5 44. Bxe5+ Kxe5 45. Ke3 d4+ 46. cxd4+ Kd5 47. Kd3 Kd6 48. Ke4 Kc7 49. Ke5 Kb6 50. Kd6 Kb7 51. Bh5 Kb6 52. Bf3 1-0

[Event "Reykjavik op"]
[Site "Reykjavik"]
[Date "2014.03.07"]
[Round "5"]
[White "Arvidsson, Jonas"]
[Black "Thorarensen, Adalsteinn"]
[Result "1/2-1/2"]
[WhiteElo "1992"]
[BlackElo "1737"]
[PlyCount "41"]
[EventDate "2014.03.04"]
[EventType "swiss"]
[EventRounds "10"]
[EventCountry "ISL"]
[SourceTitle "CBM 159 Extra"]
[Source "ChessBase"]
[SourceDate "2014.04.24"]
[SourceVersion "1"]
[SourceVersionDate "2014.04.24"]
[SourceQuality "1"]

1. e4 e6 2. d4 d5 3. Nd2 Be7 4. Bd3 c5 5. c3 dxe4 6. Nxe4 cxd4 7. cxd4 Nc6 8. Nf3 Nf6 9. 0-0 Bd7 10. Bd2 Nb4 11. Bb1 Bc6 12. Nxf6+ gxf6 13. Re1 Qd7 14. a3 Nd5 15. Be4 h5 16. h4 Bd6 17. b4 a6 18. Rc1 Ba4 19. Qe2 Bb5 20. Qd1 Ba4 21. Qe2 1/2-1/2